000 00776nam a2200205 i 4500
001 110787
003 ES-MaACL
007 t|
008 070125s1946 sp ||||1| spa d
080 _a347.4(465.1)(008.42)
100 1 _aArellano Igea, José María.
_922586
245 1 4 _aLas obligaciones, los contratos y la prescripción en el Derecho Navarro /
_cpor Jose María Arellano Igea ; prólogo de Pedro de Apalategui.
260 _aMadrid :
_bHijos de Reus,
_c1946.
300 _aXXIV, 651 p. ;
_c23 cm.
490 1 _aBiblioteca jurídica de autores españoles y extranjeros ;
_v198
700 1 _aApalategui, Pedro de.
_922032
830 0 _aBiblioteca jurídica de autores españoles y extranjeros ;
_v198
_9182228
852 _aES-MaACL
_jE-3161
999 _c110787
_d110787